000 00590nam a22001937a 4500
003 UA-OsUOA
001 43639
007 ta
008 20091021b un ||||| |||| 00| 0 ukr d
090 _a050
_bС25
942 _cNP
040 _aUA-OsUOA
_bukr
_cUA-OsUOA
_dUA-OsUOA
245 _aСвобода
_b2009: 20 березня, №12
955 _a4
041 _aukr
080 _a050
650 7 _a050 Серійні публікації. Періодика галузі, Організація та інші типи поєднання (співробітництва)
_2UDC
999 _c442113
_d442113